000 00740nam a22002297a 4500
003 UA-OsUOA
001 116834
007 ta
008 20160411b un ||||| |||| 00| 0 ukr d
100 _aКомеч А. И.
090 _a72(477)"9/11"
_bК63
942 _cBK
040 _aUA-OsUOA
_brus
_cUA-OsUOA
_dUA-OsUOA
245 _aДревнерусское зодчество конца Х - начала ХІІ в.
_bвизантийское наследие и становление самостоятельной традиции
300 _a319 с.
955 _a1
041 _arus
080 _a72(477)"9/11"
260 _aМ.
_bНаука
_c1987
650 7 _a72 Архітектура
_2UDC
999 _c402750
_d402750